[Event "La Dorada op"]
[Site "La Dorada"]
[Date "2021.09.05"]
[Round "6"]
[White "Uribe Fajardo, Juan Felipe"]
[Black "Martinez Cardona, Cristian Andres"]
[Result "0-1"]
[WhiteElo "1924"]
[BlackElo "1968"]
[PlyCount "92"]
[EventDate "2021.09.03"]
[EventType "swiss"]
[EventRounds "7"]
[EventCountry "COL"]
[SourceTitle "EXT 2022"]
[Source "ChessBase"]
[SourceDate "2021.10.06"]
[SourceVersion "1"]
[SourceVersionDate "2021.10.06"]
[SourceQuality "1"]

1. e4 c5 2. Nc3 g6 3. Bc4 Bg7 4. Qf3 e6 5. Nb5 d6 6. Qg3 Be5 7. f4 Bf6 8. Nf3 a6 9. Nxd6+ Qxd6 10. e5 Qc7 11. exf6 b5 12. Be2 Bb7 13. d3 Nxf6 14. b3 Nbd7 15. Bb2 Rg8 16. Qh4 Nd5 17. Ne5 Qa5+ 18. Kf1 Qd2 19. Nxf7 Nxf4 20. Nd6+ Kf8 21. Re1 Bxg2+ 22. Kf2 Bxh1 23. Qxh7 Nh3+ 24. Qxh3 Ke7 25. Nf5+ gxf5 26. Qh7+ Kd6 27. Bc1 Qxc2 28. Rxh1 Rg4 29. h3 Rg2+ 30. Kxg2 Qxe2+ 31. Kg3 Nf6 32. Bf4+ e5 33. Qxf5 Rg8+ 34. Bg5 Qe3+ 35. Kh2 Qxg5 36. Qf2 Qf4+ 37. Qxf4 exf4 38. Rf1 Ke5 39. h4 Nd5 40. Rf3 Ne3 41. a3 c4 42. bxc4 bxc4 43. dxc4 Ke4 44. Rh3 Nf1+ 45. Kh1 f3 46. h5 f2 0-1

[Event "Coliseo Department-ch"]
[Site "Coliseo"]
[Date "2020.12.13"]
[Round "6"]
[White "Martinez Cardona, Cristian Andres"]
[Black "Patino Castaneda, Jose Ignacio"]
[Result "1-0"]
[WhiteElo "1983"]
[BlackElo "1572"]
[PlyCount "43"]
[EventDate "2020.12.11"]
[EventType "swiss"]
[EventRounds "7"]
[EventCountry "COL"]
[SourceTitle "EXT 2022"]
[Source "ChessBase"]
[SourceDate "2021.10.06"]
[SourceVersion "1"]
[SourceVersionDate "2021.10.06"]
[SourceQuality "1"]

1. e4 e5 2. Nf3 Nc6 3. d4 exd4 4. c3 d3 5. Bxd3 Be7 6. Bf4 d6 7. Nbd2 Nf6 8. h3 Be6 9. Nd4 Qd7 10. Bb5 a6 11. Qa4 0-0 12. Bxc6 bxc6 13. Qxc6 Rfb8 14. 0-0 Kf8 15. b4 a5 16. a4 d5 17. Qxd7 Bxd7 18. Bxc7 Rc8 19. Bxa5 Rxc3 20. e5 Ne4 21. Nxe4 dxe4 22. Rfd1 1-0

[Event "Coliseo Department-ch"]
[Site "Coliseo"]
[Date "2020.12.12"]
[Round "4"]
[White "Martinez Cardona, Cristian Andres"]
[Black "Uribe, Alquiber"]
[Result "1-0"]
[WhiteElo "1983"]
[BlackElo "1677"]
[PlyCount "61"]
[EventDate "2020.12.11"]
[EventType "swiss"]
[EventRounds "7"]
[EventCountry "COL"]
[SourceTitle "EXT 2022"]
[Source "ChessBase"]
[SourceDate "2021.10.06"]
[SourceVersion "1"]
[SourceVersionDate "2021.10.06"]
[SourceQuality "1"]

1. e4 d6 2. d4 Nf6 3. Nc3 g6 4. f3 Bg7 5. Be3 0-0 6. Bc4 Nc6 7. Qd2 Re8 8. 0-0-0 a6 9. h4 b5 10. Bb3 e6 11. h5 Nxh5 12. g4 Nf6 13. Qh2 h5 14. e5 dxe5 15. dxe5 Nd7 16. gxh5 Ncxe5 17. hxg6 fxg6 18. Ne4 Qe7 19. Bg5 Qf7 20. Ne2 Nf8 21. Rdf1 Bb7 22. N2g3 Bd5 23. Qh4 Ned7 24. Rfg1 Bxb3 25. axb3 e5 26. Nh5 gxh5 27. Nf6+ Nxf6 28. Bxf6 Ng6 29. Qxh5 Re6 30. Rxg6 Rxf6 31. Qh8# 1-0

[Event "Medellin Flores op 24th"]
[Site "Medellin"]
[Date "2017.08.03"]
[Round "1"]
[White "Dominguez Rincon, Miller Duvan"]
[Black "Martinez Cardona, Cristian Andres"]
[Result "1-0"]
[WhiteElo "2100"]
[BlackElo "2004"]
[PlyCount "64"]
[EventDate "2017.08.03"]
[EventType "swiss"]
[EventRounds "9"]
[EventCountry "COL"]
[SourceTitle "CBM 179 Extra"]
[Source "ChessBase"]
[SourceDate "2017.08.23"]
[SourceVersion "1"]
[SourceVersionDate "2017.08.23"]
[SourceQuality "1"]

1. e4 e5 2. Nf3 Nc6 3. Bb5 Nf6 4. 0-0 Bc5 5. Nxe5 0-0 6. Bxc6 dxc6 7. d3 Re8 8. Nc4 Be6 9. Ne3 Qd7 10. Nc3 Rad8 11. Qf3 b5 12. e5 Ng4 13. Nxg4 Bxg4 14. Qg3 Bd4 15. Bf4 Bf5 16. Rfe1 Re6 17. Qf3 Rg6 18. Bg3 Re8 19. Ne4 Bxe4 20. Rxe4 Bxb2 21. Rb1 Bc3 22. d4 Qd5 23. Rd1 b4 24. Rf4 Qe6 25. a3 a5 26. h4 Qa2 27. axb4 axb4 28. Qe4 Rge6 29. Qf5 R6e7 30. h5 Qe6 31. Rd3 Rd7 32. Bh4 c5 1-0

[Event "Medellin Aristizabal Cup"]
[Site "Medellin"]
[Date "2016.05.21"]
[Round "4"]
[White "Cuesta Bejarano, Manuel Enriq"]
[Black "Martinez Cardona, Cristian Andres"]
[Result "0-1"]
[WhiteElo "1970"]
[BlackElo "1582"]
[PlyCount "76"]
[EventDate "2016.05.18"]
[EventType "swiss"]
[EventRounds "7"]
[EventCountry "COL"]
[SourceTitle "CBM 172 Extra"]
[Source "ChessBase"]
[SourceDate "2016.06.21"]
[SourceVersion "1"]
[SourceVersionDate "2016.06.21"]
[SourceQuality "1"]

1. d4 Nf6 2. c4 g6 3. Nc3 Bg7 4. e4 0-0 5. Bd3 d6 6. Nge2 e5 7. dxe5 dxe5 8. 0-0 c6 9. Qc2 Na6 10. a3 Nc5 11. Rd1 Be6 12. Be3 Nxd3 13. Rxd3 Qc7 14. b3 Ng4 15. Bc5 Rfd8 16. h3 Rxd3 17. Qxd3 Rd8 18. Qf3 Nf6 19. Be3 Rd3 20. Rd1 Rxd1+ 21. Nxd1 Qd6 22. Ndc3 Qxa3 23. Bg5 Nd7 24. Nd1 h6 25. Bc1 Qa1 26. Qd3 Nc5 27. Qc2 Qa5 28. Bd2 Qd8 29. Be3 Nxe4 30. Bxa7 Bf5 31. Ne3 Qa5 32. Nxf5 gxf5 33. Be3 Qe1+ 34. Kh2 f4 35. Bb6 Nd2 36. Ng1 e4 37. Kh1 f3 38. g3 Qf1 0-1

[Event "Medellin Aristizabal Cup"]
[Site "Medellin"]
[Date "2016.05.20"]
[Round "3"]
[White "Martinez Cardona, Cristian Andres"]
[Black "Acevedo Del Rio, Andres F"]
[Result "1-0"]
[WhiteElo "1582"]
[BlackElo "1835"]
[PlyCount "73"]
[EventDate "2016.05.18"]
[EventType "swiss"]
[EventRounds "7"]
[EventCountry "COL"]
[SourceTitle "CBM 172 Extra"]
[Source "ChessBase"]
[SourceDate "2016.06.21"]
[SourceVersion "1"]
[SourceVersionDate "2016.06.21"]
[SourceQuality "1"]

1. e4 e6 2. d4 d5 3. Nc3 Nf6 4. Bg5 Bb4 5. e5 h6 6. exf6 hxg5 7. fxg7 Rg8 8. Qh5 Qf6 9. Nf3 Qxg7 10. Ne5 Nd7 11. Nxd7 Bxd7 12. 0-0-0 Bxc3 13. bxc3 0-0-0 14. Bd3 c5 15. Be2 Ba4 16. Qf3 Kb8 17. Qe3 Rc8 18. dxc5 b6 19. Rd4 b5 20. Bxb5 Bxb5 21. Rb4 Ka8 22. Rxb5 Rb8 23. a4 g4 24. Kd2 Rxb5 25. axb5 Qg5 26. Ra1 Qxe3+ 27. Kxe3 Kb7 28. Kd4 f6 29. c6+ Kb6 30. c4 dxc4 31. Kxc4 a5 32. Rd1 Rg5 33. Rd7 Rc5+ 34. Kd4 Kxb5 35. Rb7+ Kxc6 36. Rc7+ Kxc7 37. Kxc5 1-0

[Event "COL-ch Superate-B"]
[Site "Bogota"]
[Date "2012.12.12"]
[Round "4.5"]
[White "Valencia, Cristian Johan"]
[Black "Martinez Cardona, Cristian Andres"]
[Result "0-1"]
[WhiteElo "1933"]
[BlackElo "1582"]
[PlyCount "53"]
[EventDate "2012.12.11"]
[EventType "swiss"]
[EventRounds "7"]
[EventCountry "COL"]
[SourceTitle "EXT 2024"]
[Source "ChessBase"]
[SourceDate "2023.10.10"]
[SourceVersion "1"]
[SourceVersionDate "2023.10.10"]
[SourceQuality "1"]

1. e4 e5 2. Nf3 Nc6 3. d4 exd4 4. Nxd4 Bc5 5. Be3 Qf6 6. c3 Bb6 7. Be2 Nge7 8. Na3 0-0 9. 0-0 d6 10. Nc4 Be6 11. Nxb6 axb6 12. a3 Ne5 13. Bc1 Nc4 14. b3 Na5 15. b4 Nac6 16. Bb2 Bd7 17. Qd2 Ng6 18. Bd3 Nce5 19. f4 Nc6 20. Rae1 Rfe8 21. Re3 Re7 22. Rg3 Rae8 23. Nb5 Bc8 24. c4 Qh4 25. f5 Nge5 26. Rf4 Qf6 27. Bc2 0-1

[Event "COL-ch Superate-B"]
[Site "Bogota"]
[Date "2012.12.11"]
[Round "2.2"]
[White "Ospina, Carl Erik"]
[Black "Martinez Cardona, Cristian Andres"]
[Result "0-1"]
[WhiteElo "1945"]
[BlackElo "1582"]
[PlyCount "96"]
[EventDate "2012.12.11"]
[EventType "swiss"]
[EventRounds "7"]
[EventCountry "COL"]
[SourceTitle "EXT 2024"]
[Source "ChessBase"]
[SourceDate "2023.10.10"]
[SourceVersion "1"]
[SourceVersionDate "2023.10.10"]
[SourceQuality "1"]

1. e4 e5 2. Nf3 Nc6 3. d4 exd4 4. Bc4 Nf6 5. e5 d5 6. Bb5 Ne4 7. Nxd4 Bd7 8. Nxc6 bxc6 9. Bd3 Nxf2 10. Kxf2 Qh4+ 11. g3 Qh3 12. Qf1 Qe6 13. h3 Be7 14. Kg2 0-0 15. Qe2 c5 16. b3 Bc6 17. Rf1 g6 18. Kh2 Bd7 19. g4 h5 20. Bf5 gxf5 21. gxf5 Qxe5+ 22. Qxe5 Bd6 23. Qxd6 cxd6 24. Bf4 Rfe8 25. Rg1+ Kh7 26. Bxd6 Bxf5 27. Na3 Re3 28. Rg3 Re2+ 29. Rg2 Re3 30. Bxc5 Rxh3+ 31. Kg1 Be4 32. Rf1 Bxg2 33. Kxg2 Rc3 34. Rxf7+ Kg6 35. Rxa7 Rg8 36. Bf2 Kf5+ 37. Kf1 Kg4 38. Ra4+ Kf3 39. Rh4 Rc6 40. Nb5 Rg4 41. Rxh5 Rxc2 42. Rf5+ Ke4 43. Nd6+ Kd3 44. Rxd5+ Kc3 45. Rc5+ Kb2 46. Rxc2+ Kxc2 47. Bc5 Rg8 48. Nb5 Kb2 0-1